| 000 | 00595nam a2200193Ia 4500 | ||
|---|---|---|---|
| 005 | 20250508153223.0 | ||
| 008 | 008 250505s9999 xx 000 0 eng d | ||
| 037 | _aBooks to be hide in OPAC | ||
| 040 |
_aFEDL _beng _cFEDL |
||
| 041 |
_aeng _2eng |
||
| 084 |
_a370.78, CIE _qFEDL |
||
| 245 | 0 | _aSummaries of M. E. D. reports 1959-60 | |
| 245 | 0 | _cCentral Institute of Education (Delhi India) | |
| 260 |
_aDelhi, India _bCentral Institute of Education _c1962 |
||
| 300 | _a91p | ||
| 546 | _aC I E Publication No. 51 | ||
| 942 |
_cHB _h370.78, CIE |
||
| 999 |
_c1341340 _d1341340 |
||